| 000 | 00611cam a2200193 a 4500 | ||
|---|---|---|---|
| 020 | _a1402050135 (hd.bd. : alk. paper) | ||
| 020 | _a9781402050138 (hd.bd. : alk. paper) | ||
| 041 | _aENG | ||
| 082 | 0 | 0 |
_a200 _bSHA |
| 100 | 1 | _aSharma, Arvind. | |
| 245 | 1 | 2 | _aA primal perspective on the philosophy of religion |
| 260 |
_aDordrecht : _bSpringer, _c2006. |
||
| 300 | _axii, 245 p. ; | ||
| 650 | 0 | _aReligion | |
| 650 | 0 | _aPhilosophy and religion. | |
| 856 | 4 | 1 | _uhttp://www.loc.gov/catdir/toc/fy0712/2007273140.html |
| 856 | 4 | 2 | _uhttp://www.loc.gov/catdir/enhancements/fy0824/2007273140-d.html |
| 942 | _cBK | ||
| 999 |
_c22794 _d22794 |
||